00428nam a22001337a 450000500170000000800410001704100230005808200130008110000230009424500340011726000870015130000300023865000260026820240823083516.0240823b |||||||| |||| 00| 0 eng d aEnglish/Afrikaans  a349 LAW  lEnglish/Afrikaans  aThe Laws of South West Africa aWindhoek: bOrder of the Honourable the Administrator of South West Africa, c1971 blxi, 203 pages; c25 cm.  aLegal practice bLaw